| 000 | 01037cam a2200373 4500 | ||
|---|---|---|---|
| 999 |
_c371979 _d371979 |
||
| 001 | 481469907 | ||
| 003 | DE-627 | ||
| 005 | 20221128172301.0 | ||
| 007 | tu | ||
| 008 | 050311s1889 xx ||||| 00| ||ger c | ||
| 035 | _a(DE-627)481469907 | ||
| 035 | _a(DE-599)GBV481469907 | ||
| 035 | _a(OCoLC)600351010 | ||
| 040 |
_aDE-627 _bger _cDE-627 _erakwb _dDE-2950 |
||
| 041 | _ager | ||
| 044 | _cXA-DXDE | ||
| 084 |
_a80.50 _2bkl |
||
| 084 |
_a44.47 _2bkl |
||
| 100 | 1 |
_aTrzoska, Franz _d1853- _0(DE-588)1014791006 _0(DE-627)705284360 _0(DE-576)349652120 _4aut |
|
| 245 | 1 | 0 |
_aKatechismus der Gesundheitslehre für die Schule _cVon F. Trzoska |
| 264 | 1 |
_aKönigsberg i. Pr.: _bHartung, _c1889. |
|
| 300 |
_a58 S. _c8 ° |
||
| 336 |
_aText _btxt _2rdacontent |
||
| 337 |
_aohne Hilfsmittel zu benutzen _bn _2rdamedia |
||
| 338 |
_aBand _bnc _2rdacarrier |
||
| 546 | _aIn Fraktur | ||
| 653 | _aGesundheitslehre | ||
| 653 | _aSchule | ||
| 653 | _aLehrbuch | ||
| 951 | _aBO | ||
| 936 | b | k | _a80.50 |
| 936 | b | k | _a44.47 |
| 942 |
_2z _cB |
||